Представление документа в формате MARC21

Поле Инд. ПП Название Значение
Тип записи a
Библиографический уровень b
001 Контрольный номер RU/IS/BASE/335899405
005 Дата корректировки 20200522191428.0
008 Кодируемые данные 20100823
040 b Код языка каталог. rus
e Правила каталог. PSBO
041 0_ a Код языка текста rus
084 a Индекс другой классификации/Индекс ББК 67.408.122.1(2Рос)
100 1_ a Автор Крылова Н. Е.
100 1_ a Автор Филиппов П. А.
245 10 a Заглавие Некоторые вопросы совершенствования нормы об уголовной ответственности за недопущение, ограничение или устранение конкуренции (Ст. 178 УК РФ)
504 a Библиография Примеч. и лит.
650 a Основная рубрика право
a Основная рубрика уголовное право
653 a Ключевые слова административная преюдиция
a Ключевые слова доход в крупном размере
a Ключевые слова защита конкуренции
a Ключевые слова злоупотребление доминированием
a Ключевые слова конкурентные отношения
a Ключевые слова конкуренция
a Ключевые слова крупный ущерб
a Ключевые слова Россия
a Ключевые слова уголовная ответственность
a Ключевые слова Уголовный кодекс РФ
a Ключевые слова экономические преступления
773 08 t Заглавие источника Вестник Московского университета. Серия 11, Право
d Дата издания источника 2010
g Прочая информация № 3. - С. 52 - 64
w Контрольный № источника RU/IS/BASE/330541362
901 t Тип документа b